Král miniscénka pro děti /

Hlavní autor: Němec, Ladislav, 1922-
Další autoři: Ledečová, Dagmar, 1925-
Jazyk: Čeština
Vydáno: Brno : NELA, 2005
Témata:
Fyzický popis: 1 partitura [5 s.] + 1 hlas ; 30 cm
Hudebniny Hudebniny
Uloženo v:
LEADER 01098ncm a2200301 a 4500
001 000867454
003 CZ BrMZK
005 20071015143537.0
007 qu
008 070918s2005 xr zzafc cze d
024 2 |q (Kroužková vazba) 
040 |a BOA001  |b cze 
048 |b vu01  |a cd01  |a ka01 
072 7 |a 784  |x Vokální hudba  |2 Konspekt  |9 9 
080 |a 784.9.083  |2 MRF 
080 |a 78.089.6.087  |2 MRF 
100 1 |a Němec, Ladislav,  |d 1922-  |7 ola2006357541  |4 cmp  |4 lyr 
245 1 0 |a Král  |h [hudebnina] :  |b miniscénka pro děti /  |c Ladislav Němec ; slova D. Ledečková a L. Němec 
260 |a Brno :  |b NELA,  |c 2005 
300 |a 1 partitura [5 s.] + 1 hlas ;  |c 30 cm 
650 0 7 |a drobné skladby (zpěv, klavír)  |7 ph321445  |2 czenas 
650 0 7 |a drobné skladby  |7 ph321708  |z Česko  |y 20.-21. stol.  |2 czenas 
655 7 |a partitury a hlasy  |7 fd186702  |2 czenas 
700 1 |a Ledečová, Dagmar,  |d 1925-  |7 jn19990209474  |4 lyr 
910 |a BOA001  |b Mus4-1191.439 
990 |a MU 
991 |b 200710  |c NOV 
996 6 |b 2610318056  |c Mus4-1191.439  |l MZK  |r Sklad / do 1 hodiny  |n 1  |w 000867454  |u 000010  |a 1  |e BOA001  |j MZK50  |s P